Southville International School and Colleges
Your cart is empty.
  • Cart
  • Lists
    Public lists Eva Luna New books Lux_list list_1
    Your lists Log in to create your own lists
  • Log in to your account
  • Your cookies
  • Search history
Southville International School and Colleges
  • Advanced search
  • Recent comments
  • Most popular
  • Libraries

Log in to your account

Log in with GOOGLE


If you do not have an external account, but do have a local account, you can still log in:

  1. Home
  2. MARC view: Silly Tilly's valentine /
Normal view MARC view ISBD view

Silly Tilly's valentine / (Record no. 34526)

[ view plain ]
MARC details
000 -LEADER
fixed length control field 01140cam a2200349 a 4500
001 - CONTROL NUMBER
control field 2108084
003 - CONTROL NUMBER IDENTIFIER
control field OSt
005 - DATE AND TIME OF LATEST TRANSACTION
control field 20140310184446.0
008 - FIXED-LENGTH DATA ELEMENTS--GENERAL INFORMATION
fixed length control field 960812s1998 nyua b 000 1 eng
010 ## - LIBRARY OF CONGRESS CONTROL NUMBER
LC control number 96038239
020 ## - INTERNATIONAL STANDARD BOOK NUMBER
International Standard Book Number 006027400X
020 ## - INTERNATIONAL STANDARD BOOK NUMBER
International Standard Book Number 0060274018 (lib. bdg.)
040 ## - CATALOGING SOURCE
Original cataloging agency DLC
Transcribing agency DLC
Modifying agency DLC
042 ## - AUTHENTICATION CODE
Authentication code lcac
050 00 - LIBRARY OF CONGRESS CALL NUMBER
Classification number PZ 7
Item number .H635Si 2000
100 1# - MAIN ENTRY--PERSONAL NAME
Personal name Hoban, Lillian.
9 (RLIN) 27799
245 10 - TITLE STATEMENT
Title Silly Tilly's valentine /
Statement of responsibility, etc story and pictures by Lillian Hoban.
250 ## - EDITION STATEMENT
Edition statement 1st ed.
260 ## - PUBLICATION, DISTRIBUTION, ETC. (IMPRINT)
Place of publication, distribution, etc New York :
Name of publisher, distributor, etc HarperCollins,
Date of publication, distribution, etc 2000.
300 ## - PHYSICAL DESCRIPTION
Extent 47 p. :
Other physical details col. ill. ;
Dimensions 22 cm.
440 #3 - SERIES STATEMENT/ADDED ENTRY--TITLE
Title An I can read book
9 (RLIN) 3940
521 ## - TARGET AUDIENCE NOTE
Target audience note
526 ## - STUDY PROGRAM INFORMATION NOTE
Reading level 120
650 #1 - SUBJECT ADDED ENTRY--TOPICAL TERM
Topical term or geographic name as entry element Valentine's Day
General subdivision Fiction.
9 (RLIN) 27800
650 #1 - SUBJECT ADDED ENTRY--TOPICAL TERM
Topical term or geographic name as entry element Moles (Animals)
General subdivision Fiction.
9 (RLIN) 27801
650 #1 - SUBJECT ADDED ENTRY--TOPICAL TERM
Topical term or geographic name as entry element Snow
General subdivision Fiction.
9 (RLIN) 27802
856 42 - ELECTRONIC LOCATION AND ACCESS
Materials specified Publisher description
Uniform Resource Identifier <a href="http://www.loc.gov/catdir/description/hc041/96038239.html">http://www.loc.gov/catdir/description/hc041/96038239.html</a>
906 ## - LOCAL DATA ELEMENT F, LDF (RLIN)
a 7
b cbc
c orignew
d 1
e ocip
f 19
g y-gencatlg
942 ## - ADDED ENTRY ELEMENTS (KOHA)
Source of classification or shelving scheme Library of Congress Classification
Koha item type
Holdings
Withdrawn status Lost status Source of classification or shelving scheme Damaged status Home library Current library Shelving location Date acquired Total Checkouts Full call number Barcode Date last seen Date checked out Copy number Price effective from Koha item type
    Library of Congress Classification   Luxembourg Library Luxembourg Library Scholastic Reading Center Section 10/10/2013 1 PZ 7 .H635Si 2000 LEX3032 04/18/2017 01/17/2017 1 10/10/2013 Books

Silly Tilly's valentine /

APA

Hoban L., . (2000). Silly Tilly's valentine. New York: HarperCollins.

Chicago

Hoban Lillian, . 2000. Silly Tilly's valentine. New York: HarperCollins.

Harvard

Hoban L., . (2000). Silly Tilly's valentine. New York: HarperCollins.

MLA

Hoban Lillian, . Silly Tilly's valentine. New York: HarperCollins. 2000.

  • Place hold
  • Print
  • Cite
  • Add to your cart (remove)
  • Save record
    BIBTEX Dublin Core MARCXML MARC (non-Unicode/MARC-8) MARC (Unicode/UTF-8) MARC (Unicode/UTF-8, Standard) MODS (XML) RIS
  • More searches
    Search for this title in:
    Other Libraries (WorldCat) Other Databases (Google Scholar) Online Stores (Bookfinder.com) Open Library (openlibrary.org)

Exporting to Dublin Core...

SOUTHVILLE LIBRARY

Southville International School and Colleges Library

1281 Tropical Ave. Cor. Luxembourg St., BF Homes International, Las Pinas City

Tel. No. 8256374 / 252358 Loc. 117/146

Powered by Koha